000 00220nam a2200097Ia 4500
008 190216s9999||||xx |||||||||||||| ||und||
100 _aNull
245 0 _aHindi-Nari Ithay Ka Sadh
260 _bBright Careers
942 _cBK
999 _c17982
_d17982